000 00261nam a2200109Ia 4500
008 190902s9999||||xx |||||||||||||| ||und||
100 _aFaiz Ahmed Faiz
245 2 _aA Withered Spring
260 _aPakistan
_bHY Enterprises
_c2013
300 _a63
942 _cBK
999 _c2658
_d2658